| 000 | 01324cam a2200361 a 4500 | ||
|---|---|---|---|
| 001 | 14682234 | ||
| 003 | EG-ScBUE | ||
| 005 | 20220323101316.0 | ||
| 008 | 061228s2008 enk f 00| 1 eng d | ||
| 020 | _a0007251874 | ||
| 020 | _a9780007251872 | ||
| 035 | _a(OCoLC)ocm77758883 | ||
| 035 | _a(OCoLC)77758883 | ||
| 040 |
_aDLC _beng _erda _cDLC _dBAKER _dBTCTA _dOCO _dWIQ _dC#P _dVP@ _dYDXCP _dIAY _dOCLCQ _dDLC _dEG-ScBUE |
||
| 041 | 1 |
_aeng _hpor |
|
| 082 | 0 | 4 |
_a869.342 _222 _bCOE |
| 100 | 1 |
_aCoelho, Paulo, _eauthor. _924366 |
|
| 245 | 1 | 4 |
_aThe witch of portobello / _cPaulo Coelho ; translated from the Portuguese by Margaret Jull Costa. |
| 264 | 1 |
_aLondon : _bHarper Collins Publishers, _c2008. |
|
| 300 |
_a346 pages ; _c22 cm |
||
| 336 |
_2rdacontent _atext _btxt |
||
| 337 |
_2rdamedia _aunmediated _bn |
||
| 338 |
_2rdacarrier _avolume _bnc |
||
| 546 | _aTranslated from the Portuguese | ||
| 650 | 7 |
_aPsychics _vFiction. _924367 _2BUEsh |
|
| 650 | 7 |
_aMissing persons _vFiction. _924368 _2BUEsh |
|
| 651 | 7 |
_aLondon (England) _vFiction. _924369 _2BUEsh |
|
| 653 |
_cMay2011 _bHHUUEENN |
||
| 655 |
_vReading book _934232 |
||
| 700 | 1 |
_aCosta, Margaret Jull. _etranslator. _924370 |
|
| 942 |
_2ddc _cBB |
||
| 999 |
_c15455 _d15455 |
||